Nemzeti jog

Elmentve itt :
Bibliográfiai részletek
Dokumentumtípus: Cikk
Megjelent: 1891
Sorozat:A kereskedelmi jog és ismeretek tára : havi folyóirat 1 No. 7
Kulcsszavak:Jogtudomány, Közgazdaságtudomány
Online Access:http://misc.bibl.u-szeged.hu/2446
LEADER 00541nab a2200157 i 4500
001 misc2446
005 20191106144421.0
008 170607s1891 hu o 0|| hun d
040 |a SZTE Miscellanea Repozitórium  |b hun 
041 |a hun 
245 0 0 |a Nemzeti jog  |h [elektronikus dokumentum] 
260 |c 1891 
300 |a 42-45 
490 0 |a A kereskedelmi jog és ismeretek tára : havi folyóirat  |v 1 No. 7 
695 |a Jogtudomány, Közgazdaságtudomány 
856 4 0 |u http://misc.bibl.u-szeged.hu/2446/1/kereskedelmi_001_007_042-045.pdf  |z Dokumentum-elérés